| 000 | 07353ncm2a2200517 4500 | ||
|---|---|---|---|
| 001 | RU\NLR\ONIZ\226352 | ||
| 005 | 20260628190708.0 | ||
| 035 | _a(NLR Aleph) 012672642 | ||
| 090 |
_a13740655 _c13740655 |
||
| 100 | _a20190415d2011 |||y0rusy50 ca | ||
| 101 | 0 | _arus | |
| 145 | 0 | _ab | |
| 200 | 1 |
_aПроизведения для фортепиано, ансамбля _fгл. ред. О. И. Макаров ; ред.: М. А. Моисеева, И. М. Северина _gматериалы из личного архива профессора Т. Г. Самхарадзе |
|
| 210 | _d2011 | ||
| 215 | _a64 с. | ||
| 225 | 1 |
_aНотный альбом _i2011 _v№ 2 |
|
| 313 | _aСистематизация документа проведена по изданию - Методика классифицирования музыкальных произведений (нотных изданий) по таблицам Библиотечно-библиографических классификаций : метод. рекомендации / Гос. б-ка СССР им. В.И. Ленина.- М., 1977. Индексу ББК методических рекомендаций присваивается код ББК для научных библиотек - LBC/SL | ||
| 327 | 1 |
_a1. Аннет и Любина : гавот : [для фп.] : [op.79] / А. Дюран. _a2. Романс без слов : [для фп.] / Ф. Томе. _a3. Полонез : [для фп.] / К. Шарвенка. _a4. Дружеская пьеса : [для фп.] / Х. Шульц-Эвлер. _a5. Буря на Волге : музыкальная картина : [для фп.] / А. Оппель. _a6. Эстудиантина : вальс : [для фп.] / Э. Вальдтейфель. _a7. Этюды : из сборника "50 характерных и прогрессивных этюдов" : [№ 32-34, 41, 42, 44, 48-50 : для фп.] / А. Лемуан. _a8. Фантазия : на темы русских народных песен : для двух баянов / В. Дитель |
|
| 461 | 0 |
_1001RU\NLR\ONIZ\219658 _12001#$aНотный альбом$bНоты$fгл. ред. В. О. Усачёва$v _912166111 _cМосква _d2001- _fгл. ред. В. О. Усачёва _nНаучтехлитиздат _tНотный альбом: Ноты |
|
| 462 | 0 |
_1001RU\NLR\ONIZ\226346 _12001#$aНотный альбом. 2011$v№ 2 _911398926 _d2011 _tНотный альбом: Ноты. - Нотный альбом. 2011 _x2072-9987 _v№ 2 |
|
| 464 | 0 |
_12001#$aАннет и Любина$eгавот$e[для фп.]$e[op.79]$fА. Дюран _1215##$aС.2-3 _1608##$aТанец (инструментальный)$xНоты$2nlr_sh _1686##$aЩ954.2-058.55(4Фр)$vLBC/SL$2rubbk _1700#1$9z01790$aДюран$bО.$gОгюст$f1830-1909$4230$7ca _1790#1$9z01700$aDurand$bA.$gAugust$f1830-1909$4230$7ba _tАннет и Любина _aДюран, Огюст (1830-1909) |
|
| 464 | 0 |
_12001#$aРоманс без слов$e[для фп.]$fФ. Томе _1215##$aС.4-6 _1608##$xНоты$aРоманс (инструментальный)$2nlr_sh _1686##$aЩ954.2-058.3(3)$vLBC/SL$2rubbk _1700#1$9z01790$aТоме$bФ.$gФрансис$f1850-1909$4230$7ca _1790#1$9z01700$aThomé$bF.$gFrancis$4230$7ba _tРоманс без слов _aТоме, Франсис (1850-1909) |
|
| 464 | 0 |
_12001#$aПолонез$e[для фп.]$fК. Шарвенка _1215##$aС.7-10 _1608##$aПолонез для фортепиано$xНоты$2nlr_sh _1686##$aЩ954.2-058.55(4Г)$vLBC/SL$2rubbk _1700#1$9z01790$aШарвенка$bФ. К.$gФранц Ксавер$f1850-1924$4230$7ca _1790#1$9z01700$aŠarvenka$bF. K.$gFranc Ksaver$f1850-1924$4230$7ba _tПолонез _aШарвенка, Франц Ксавер (1850-1924) |
|
| 464 | 0 |
_12001#$aДружеская пьеса$e[для фп.]$fХ. Шульц-Эвлер _1215##$aС.11-17 _1608##$aПьесы (фортепиано)$xНоты$2nlr_sh _1686##$aЩ954.2-058.9(4П)$vLBC/SL$2rubbk _1700#1$9z01790$aШульц-Эвлер$bА. (Э.)$gАдольф (Эндрю)$f1854-1905$4230$7ca _1790#1$9z01700$aSchulz-Evler$bA. A.$gAdolf Andrzej$f1854-1905$4230$7ba _tДружеская пьеса _aШульц-Эвлер, Адольф (Эндрю) (1854-1905) |
|
| 464 | 0 |
_12001#$aБуря на Волге$eмузыкальная картина$e[для фп.]$fА. Оппель _1215##$aС.18-24 _1608##$aПьесы (фортепиано)$xНоты$2nlr_sh _1686##$aЩ954.2-058.1$vLBC/SL$2rubbk _1700#1$9z01790$aОппель$bА. А.$gАндрей Алексеевич$cкомпозитор$f1843-1888$4230$7ca _1790#1$9z01700$aOppel`$bA. A.$gAndrej Alekseevič$ccomposer$f1843-1888$4230$7ba _tБуря на Волге _aОппель, Андрей Алексеевич (композитор ; 1843-1888) |
|
| 464 | 0 |
_12001#$aЭстудиантина$eвальс$e[для фп.]$fЭ. Вальдтейфель _1215##$aС.25-32 _1608##$xНоты$aВальс (фортепиано)$2nlr_sh _1686##$aЩ954.2-058.55(4Фр)$vLBC/SL$2rubbk _1700#1$9z03790$aВальдтейфель$bЭ.$gЭмиль$f1837-1915$4230$7ca _1790#1$9z03700$aWaldteufel$bÉ.$gÉmile$f1837-1915$4230$7ba _tЭстудиантина _aВальдтейфель, Эмиль (1837-1915) |
|
| 464 | 0 |
_12001#$aЭтюды$eиз сборника "50 характерных и прогрессивных этюдов"$e[№ 32-34, 41, 42, 44, 48-50$eдля фп.]$fА. Лемуан _1215##$aС.33-43 _1608##$aЭтюды (для фортепиано)$xНоты$2nlr_sh _1686##$aЩ954.294(4Фр)$vLBC/SL$2rubbk _1700#1$9z01790$aЛемуан$bА.$gАнри$f1786-1864$4230$7ca _1790#1$9z01700$aLemoine$bH.$gHenry$f1786-1864$4230$7ba _tЭтюды _aЛемуан, Анри (1786-1864) |
|
| 464 | 0 |
_12001#$aФантазия$eна темы русских народных песен$eдля двух баянов$fВ. Дитель _1215##$aС.44-64 _1608##$aФантазия инструментальная$xНоты$yРоссия$z20-21 вв.$2nlr_sh _1686##$aЩ952.456.9-052(2Р=Р)$vLBC/SL$2rubbk _1700#1$9z01790$aДитель$bВ. А.$gВладимир Александрович$f1907-1979$4230$7ca _1790#1$9z01700$aDitel`$bV. A.$gVladimir Aleksandrovič$f1907-1979$4230$7ba _tФантазия _aДитель, Владимир Александрович (1907-1979) |
|
| 702 | 1 |
_6z04790 _aМакаров _bО. И. _f2-я пол. 20 - нач. 21 в. _gОлег Игоревич _4340 _7ca |
|
| 702 | 1 |
_6z05790 _aМоисеева _bМ. А. _f2-я пол. 20 - нач. 21 в. _gМария Александровна _4340 _7ca |
|
| 702 | 1 |
_6z06790 _aСеверина _bИ. М. _4340 |
|
| 702 | 1 |
_6z07790 _aСамхарадзе _bТ. Г. _gТамази Георгиевич _4570 |
|
| 790 | 1 |
_6z04702 _aMakarov _bO. I. _f2-я пол. 20 - нач. 21 в. _gOleg Igorevič _4340 _7ba |
|
| 790 | 1 |
_6z05702 _aMoiseeva _bM. A. _f2-я пол. 20 - нач. 21 в. _gMarija Aleksandrovna _4340 _7ba |
|
| 790 | 1 |
_6z06702 _aSeverina _bI. M. _4340 _7ba |
|
| 790 | 1 |
_6z07702 _aСамхарадзе _bТ. Г. _gТамаз Георгиевич _4570 _7ca |
|
| 801 | 0 |
_aRU _bNLR _c20190416 _gPSBO |
|
| 801 | 1 |
_aRU _bNLR _c20190416 _2rusmarc |
|
| 801 | 2 |
_aRU _bNLR _c20230516 |
|
| 852 |
_aNLR _jМ К-3/25904(2)а _m279218 _t2 |
||
| 852 |
_aNLR _jМ К-3/25904(2) _m279217 _t1 |
||
| 942 | _cISSUE | ||
| 980 | _aONIZ | ||
| 980 | _aNB | ||